01331cam a22002771 4500001001300000003000400013005001700017008004100034010001700075035001900092040006800111042001200179050002700191051001500218100005100233245005500284260016100339300002000500490006700520500001600587501029500603504002800898650003000926740003000956830006700986hew63000103 DLC20260227111512.0771129s1963 dcu f000 0 eng c ahew63000103  a(OCoLC)3451852 aU.S.Dept. of Health, Education, and Welfare. LibrarycDNIEdDLC apremarc00aL111b.A6 1963, no. 21 aLA541b.H31 aHauch, Charles C.q(Charles Christian),d1913-14aThe current situation in Latin American education. a[Washington]bU.S. Dept. of Health, Education, and Welfare, Office of Education; for sale by the Superintendent of Documents, U.S. Govt. Print. Off.,c1963] a30 p. ;c24 cm.1 aBulletin / United States. Office of Education ;v1963, no. 21. a"OE-14080." aCopies 1 and 3 of L111.A6 with: Programs for the educationally disadvantaged / Conference on Teaching Children and Youth Who Are Educationally Disadvantaged. Washington : U.S. Dept. of Health, Education, and Welfare, Office of Education, 1963. Bound together subsequent to publication.5DLC aBibliography : p.29-30. 0aEducationzLatin America.0 aLatin American education. 0aBulletin (United States. Office of Education) ;v1963, no. 21.